00263nam a2200121Ia 4500100002100000650002400021366000700045245003800052260001800090082000800108300000800116546001700124 aMuralikrishna/C  aCommunication Skill f20 aCommunication skill for engineers bPearsonc2011 bMUR a276 aENGLISHcTTL